Aún te llevo en el corazón / (Registro nro. 14446)

Detalles MARC
000 -LIDER
fixed length control field 00530cam a2200193 4500
001 - NÚMERO DE CONTROL
Identificador de número de control a4620950
003 - IDENTIFICACDOR DE NÚMERO DE CONTROL
control field DO-SdBNP
005 - DATE AND TIME OF LATEST TRANSACTION
control field 20230725093854.0
008 - ELEMENTOS DE LONGITUD FIJA
fixed length control field 230724b2009 spa |||| 00| 0 spa d
020 ## - ISBN
International Standard Book Number 9788408087786
040 ## - FUENTE DE CATALOGACIÓN
Agencia que crea de manera original el registro BPMSU
Idioma de catalogación spa
Agencia que realiza la transcripción BPMSU
082 #4 - NÚMERO DE CLASIFICACIÓN DECIMAL DE DEWEY
Classification number 823.73
Edition number S642k 2009
Item number 22
100 1# - ASIENTO PRINCIPAL -- NOMBRE PERSONAL
Nombre personal Smith, Kathryn
245 10 - MENCIÓN DE TITULO
Título Aún te llevo en el corazón /
Mención de responsabilidad Kathryn Smith
260 ## - PUBLICACIÓN, DISTRIBUCIÓN, ETC. (PIE DE IMPRENTA)
Lugar de publicación, distribución, etc Barcelona:
Nombre del editor, distribuidor, etc. Editorial Planeta,
Fecha de publicación, distribución, etc 2009
300 ## - DESCRIPCIÓN FÍSICA
Extensión 375 p. ;
Dimensiones 22 cm.
Materiales especificados
910 ## - VALIDACIÓN
Validación VMateo V. Control de calidad
942 ## - ADDED ENTRY ELEMENTS (KOHA)
Source of classification or shelving scheme Dewey Decimal Classification
Koha item type Libros
Existencias
Withdrawn status Lost status Source of classification or shelving scheme Damaged status Not for loan Collection code Home library Current library Date acquired Total Checkouts Full call number Barcode Date last seen Price effective from Koha item type
    Dewey Decimal Classification     Colección General Biblioteca Pública Metropolitana Salomé Ureña Biblioteca Pública Metropolitana Salomé Ureña 07/25/2023   BPMSU CG 823.73 S642k 2009 BPMSU23070064 07/25/2023 07/25/2023 Libros